Fortune 500 companies of 2022 - Statistics

General Stats
  • This quiz has been taken 268 times
  • The average score is 149 of 500
Answer Stats
Answer % Correct
Apple
87%
Amazon
83%
Walmart
82%
Microsoft
80%
McDonald's
68%
Coca-Cola
67%
General Motors
67%
Tesla
67%
Exxon Mobil
66%
Alphabet
65%
Target
65%
Walt Disney
65%
Bank of America
64%
Intel
63%
JPMorgan Chase
62%
IBM
61%
AT&T
60%
Berkshire Hathaway
60%
Pfizer
60%
HP
58%
Johnson & Johnson
58%
Nike
58%
Visa
57%
Wells Fargo
57%
American Express
56%
General Electric
56%
Mastercard
56%
Boeing
55%
Chevron
55%
Home Depot
55%
Oracle
55%
PepsiCo
54%
UnitedHealth Group
54%
Kroger
52%
Lowe's
52%
Netflix
52%
Starbucks
52%
Citigroup
50%
Merck
49%
Morgan Stanley
49%
UPS
49%
Comcast
48%
FedEx
48%
Fox
47%
Nvidia
47%
Procter & Gamble
47%
eBay
46%
Lockheed Martin
46%
Best Buy
44%
Delta Air Lines
44%
Allstate
43%
Caterpillar
43%
CVS Health
43%
Dow
43%
Ford Motors
43%
Kellogg
43%
BlackRock
42%
Fannie Mae
41%
General Mills
41%
Macy's
41%
Moderna
41%
Rite Aid
41%
Costco Wholesale
40%
MetLife
40%
Phillips 66
40%
Progressive
40%
Southwest Airlines
40%
Adobe
39%
AIG
39%
Albertsons
39%
Deere
39%
Freddie Mac
39%
Meta Platforms
39%
Qualcomm
39%
Salesforce
39%
Texas Instruments
39%
Verizon Communications
39%
Walgreens Boots Alliance
39%
3M
38%
Cardinal Health
38%
Eli Lilly
38%
Gap
38%
Yum Brands
38%
Cigna
37%
ConocoPhillips
37%
Dollar General
37%
Dollar Tree
37%
AbbVie
36%
Cisco Systems
36%
Hershey
36%
Nationwide
36%
Northrop Grumman
36%
Whirlpool
36%
Aflac
35%
AmerisourceBergen
35%
AutoZone
35%
Blackstone
35%
Dell Technologies
35%
DuPont
35%
Liberty Mutual
35%
Sysco
35%
USAA
35%
American Airlines Group
34%
Amgen
34%
General Dynamics
34%
Goldman Sachs Group
34%
Humana
34%
Kohl's
34%
Marathon Petroleum
34%
Marriott International
34%
Northwestern Mutual
34%
Raytheon Technologies
34%
State Farm Insurance
34%
Tyson Foods
34%
Bed Bath & Beyond
33%
Centene
33%
Colgate-Palmolive
33%
Kimberly-Clark
33%
PG&E
33%
Prudential Financial
33%
TIAA
33%
TJX
33%
Travelers
33%
Valero Energy
33%
Waste Management
33%
Williams
33%
Abbott Laboratories
32%
CarMax
32%
CHS
32%
Foot Locker
32%
Loews
32%
Publix Super Markets
32%
Activision Blizzard
31%
American Tower
31%
APA
31%
Ball
31%
Biogen
31%
Campbell Soup
31%
Capital One Financial
31%
Charles Schwab
31%
CSX
31%
Dillard's
31%
Exelon
31%
Hormel Foods
31%
International Paper
31%
KKR
31%
Kraft Heinz
31%
News Corp.
31%
Nordstrom
31%
Sherwin-Williams
31%
State Street
31%
United Rentals
31%
Advance Auto Parts
30%
AES
30%
Ameren
30%
Archer Daniels Midland
30%
Bristol-Myers Squibb
30%
Caesars Entertainment
30%
Charter Communications
30%
Consolidated Edison
30%
Cummins
30%
Devon Energy
30%
DISH Network
30%
Duke Energy
30%
Fiserv
30%
Halliburton
30%
Hess
30%
Keurig Dr Pepper
30%
Land O'Lakes
30%
NCR
30%
New York Life Insurance
30%
Nucor
30%
Occidental Petroleum
30%
ON Semiconductor
30%
Oshkosh
30%
Paccar
30%
Phillip Morris International
30%
Southern
30%
Ulta Beauty
30%
Union Pacific
30%
Warner Bros. Discovery
30%
Weyerhauser
30%
Advanced Micro Devices
29%
AECOM
29%
AGCO
29%
Alcoa
29%
Alleghany
29%
American Family Insurance Group
29%
Analog Devices
29%
Aramark
29%
Arconic
29%
Assurant
29%
AutoNation
29%
Avnet
29%
Bath & Body Works
29%
Carvana
29%
Celanese
29%
Chewy
29%
Cintas
29%
Clorox
29%
Conagra Brands
29%
Corning
29%
Dana
29%
Danaher
29%
Dick's Sporting Goods
29%
Discover Financial Services
29%
Dominion Energy
29%
Dover
29%
Entergy
29%
Hewlett Packard Enterprise
29%
Intuit
29%
Jabil
29%
Kinder Morgan
29%
Lear
29%
LKQ
29%
Markel
29%
McKeeson
29%
MGM Resorts International
29%
NextEra Energy
29%
NVR
29%
Pacific Life
29%
Principal Financial
29%
Quest Diagnostics
29%
Regions Financial
29%
Stanley Black & Decker
29%
Tenneco
29%
Textron
29%
Tractor Supply
29%
U.S. Bancorp
29%
WestRock
29%
Zoetis
29%
Anywhere Real Estate
28%
Arthur J. Galligher
28%
Autoliv
28%
Auto-Owners Insurance
28%
Avery Dennison
28%
Avis Budget Group
28%
Block
28%
Carrier Global
28%
Cincinnati Financial
28%
Compass
28%
Constellation Brands
28%
D.R. Horton
28%
Eastman Chemical
28%
Ecolab
28%
Elevance Health
28%
Energy Transfer
28%
Estee Lauder
28%
Frontier Communications
28%
Goodyear Tire & Rubber
28%
Hasbro
28%
Henry Schein
28%
Honeywell International
28%
Huntsman
28%
Illinois Tool Works
28%
Jones Financial
28%
Lincoln National
28%
Lithia Motors
28%
Masco
28%
Mosaic
28%
Motorola Solutions
28%
Newmont
28%
Norfolk Southern
28%
Northern Trust
28%
Omnicom Group
28%
Oneok
28%
Polaris
28%
PPL
28%
Raymond James Financial
28%
Ross Stores
28%
Sempra
28%
Steel Dynamics
28%
Stryker
28%
Thor Industries
28%
Toll Brothers
28%
Uber Technologies
28%
United States Steel
28%
Univar Solutions
28%
Unum Group
28%
Victoria's Secret
28%
Westlake
28%
W.W. Grainger
28%
A-Mark Precious Metals
27%
Ameriprise Financial
27%
Applied Materials
27%
Arrow Electronics
27%
Bank of New York Mellon
27%
Baxter International
27%
BorgWarner
27%
Boston Scientific
27%
Broadcom
27%
Burlington Stores
27%
Darden Restaurants
27%
DaVita
27%
DCP Midstream
27%
Edison International
27%
Emerson Electric
27%
Enterprise Products Partners
27%
Expedia Group
27%
Farmers Insurance Exchange
27%
Fluor
27%
FM Global
27%
Gilead Sciences
27%
Global Payments
27%
Graybar Electric
27%
HCA Healthcare
27%
Huntington Ingalls Industries
27%
Icahn Enterprises
27%
Insight Enterprises
27%
Jacobs Engineering Group
27%
KeyCorp
27%
KLA
27%
Lam Research
27%
Lennar
27%
MasTec
27%
Molson Coors Beverage
27%
Mondelez International
27%
Murphy USA
27%
Mutual of Omaha Insurance
27%
Olin
27%
Parker-Hannifin
27%
Quarte Retail
27%
Sanmina
27%
S&P Global
27%
Synchrony Financial
27%
Thermo Fisher Scientific
27%
UGI
27%
United Airlines Holdings
27%
Universal Health Services
27%
VF
27%
Viatris
27%
Vistra
27%
Western Digital
27%
Xerox Holdings
27%
Yum China Holdings
27%
Zillow Group
27%
Andersons
26%
Avantor
26%
Fidelity National Financial
26%
Intercontinental Exchange
26%
J.B. Hunt Transport Services
26%
J.M. Smucker
26%
ManpowerGroup
26%
Newell Brands
26%
Otis Worldwide
26%
Ovintiv
26%
Performance Food Group
26%
Peter Kiewit Sons'
26%
PulteGroup
26%
Seaboard
26%
WESCO International
26%
W.R. Berkley
26%
Academy Sports and Outdoors
25%
Air Products & Chemicals
25%
Ally Financial
25%
Amphenol
25%
Apollo Global Management
25%
ARKO
25%
CBRE Group
25%
C.H. Robinson Worldwide
25%
Community Health Systems
25%
EnLink Midstream
25%
Equinix
25%
Equitable Holdings
25%
Eversource Energy
25%
Fidelity National Information Services
25%
Fifth Third Bank
25%
Genuine Parts
25%
Global Partners
25%
Hanesbrands
25%
Ingredion
25%
International Flavors & Fragrances
25%
Interpublic Group
25%
KBR
25%
Mohawk Industries
25%
ODP
25%
Opendoor Technologies
25%
Packaging Corporation of America
25%
Paramount Global
25%
PayPal Holdings
25%
Pioneer Natural Resources
25%
Reliance Steel & Aluminum
25%
Robert Half International
25%
Rocket Companies
25%
Roper Technologies
25%
Sonic Automotive
25%
SpartanNash
25%
TravelCenters of America
25%
Veritiv
25%
Wayfair
25%
Xcel Energy
25%
XPO Logistics
25%
Altria Group
24%
Automatic Data Processing
24%
Booking Holdings
24%
Casey's General Stores
24%
CDW
24%
Cheniere Energy
24%
Crown Holdings
24%
EMCOR Group
24%
FirstEnergy
24%
Group 1 Automotive
24%
IQVIA Holdings
24%
Jackson Financial
24%
Leidos Holdings
24%
Micron Technology
24%
Molina Healthcare
24%
NRG Energy
24%
Old Republic International
24%
O'Reilly Automotive
24%
Plains GP Holdings
24%
PVH
24%
Quanta Services
24%
Ryder System
24%
Targa Resources
24%
Thrivent Financial for Lutherans
24%
World Fuel Services
24%
Zimmer Biomet Holdings
24%
Altice USA
23%
Asbury Automotive Group
23%
Berry Global Group
23%
Builders FirstSource
23%
CenterPoint Energy
23%
Delek US Holdings
23%
Guardian Life Insurance Company of America
23%
Owens & Minor
23%
Regeneron Pharmaceuticals
23%
StoneX Group
23%
US Foods Holding
23%
Coinbase Global
22%
Commercial Metals
22%
Owens Corning
22%
Republic Services
22%
TD Synnex
22%
First American Financial
21%
Booz Allen Hamilton Holding
20%
Corteva
20%
Erie Insurance Group
20%
Liberty Mutual Insurance Group
20%
Massachusetts Mutual Life Insurance
20%
Penske Automotive Group
20%
Tenet Healthcare
20%
Truist Financial
20%
Beacon Roofing Supply
19%
EOG Resources
19%
Marsh & McLennan
19%
Camping World Holdings
18%
Jefferies Financial Group
18%
Western & Southern Financial Group
18%
Williams-Sonoma
18%
BJ's Wholesale Club
17%
Franklin Resources
17%
L3Harris Technologies
17%
Lumen Technologies
17%
Rockwell Automation
17%
Freeport-McMoRan
16%
Hertz Global Holdings
16%
Baker Hughes
15%
Landstar System
15%
Carlyle Group
14%
Expeditors International of Washington
14%
United Natural Foods
14%
Boise Cascade
13%
CMS Energy
13%
Jones Lang LaSalle
13%
Diamondback Energy
12%
Fortune Brands Home & Security
12%
Public Service Enterprise Group
12%
T. Rowe Price
12%
Vertex Pharmaceuticals
12%
Reinsurance Group of America
11%
American Electric Power
10%
Citizens Financial Group
10%
Laboratory Corporation of America
10%
Science Applications International
10%
Securian Financial Group
10%
American Financial Group
9%
Cleveland-Cliffs
9%
PBF Energy
9%
Graphic Packaging Holding
8%
GXO Logistics
8%
Southwestern Energy
8%
Taylor Morrison Home
8%
Becton Dickinson
7%
Brighthouse Financial
7%
Genworth Financial
7%
Hartford Financial Services Group
7%
WEC Energy Group
7%
Westinghouse Air Brake Technologies
7%
DTE Energy
6%
HF Sinclair
6%
Chipotle Mexican Grill
5%
CF Industries Holdings
3%
CommScope Holding
3%
PNC Financial Services
3%
LPL Financial Holdings
2%
Cognizant Technology Systems
1%
PPG Industries
1%
DXC Technology
0%
UFP Industries
0%
No matching quizzes found
Score Distribution
Percent of People with Each Score
Percentile by Number Answered
Your Score History
You have not taken this quiz